Coastal Regions of Indian Subcontinent - Statistics

General Stats
  • This quiz has been taken 22 times
  • The average score is 3 of 11
Answer Stats
Hint Answer % Correct
South of Western Ghat Malabar Coast
79%
Eastern Region of Indus River Sindh Coast
57%
The Largest Delta in the World The Bengal Delta
57%
North of Western Ghat Konkan Coast
50%
Western Region of Indus River Balochistan Coast
36%
Middle of Eastern Ghat Andhra Coast
14%
The Peninsular Gujarat Kathiawar Coast
14%
South of Eastern Ghat Coramandal Coast
7%
North of the Ancient Arakan Chittagong Coast
0%
South of the Ancient Arakan Rakhine Coast
0%
North of Eastern Ghat Utkal Coast
0%
No matching quizzes found
Score Distribution
Percent of People with Each Score
Percentile by Number Answered
Your Score History
You have not taken this quiz